00784nam a2200301Ia 4500008004000000020001800040041000800058082001700066100002000083245014000103260006000243300001000303650000900313650000700322650001100329650001000340650001500350650001000365650001100375650001500386650001400401650001300415650001200428650001700440650000800457650000900465650000800474210210b2010 xxu||||| |||| 00| 0 eng d a9788184046724 aeng a005.276 SIEA aSIEMER (Andrew) aASP.NET 3.5: social networkingbExpert guide to building enterprise ready social networking and community applications with ASP.NET 3.5 aMumbaibShroff Publishers & Distributors Pvt Ltd.c2010 ax,556 awith ato asocial aready anetworking aguide aExpert aenterprise acommunity abuilding aASP.NET aapplications aand a3.5: a3.5